Beyoncé - PLASTIC OFF THE SOFA (Lyrics) - Statistics

General Stats
  • This quiz has been taken 66 times
  • The average score is 301 of 377
Answer Stats
Answer % Correct
I
96%
be
94%
you
92%
you,
92%
you)
92%
your
92%
but
90%
But
90%
me
90%
me,
90%
the
90%
And
88%
and
88%
Baby,
88%
baby
88%
baby,
88%
baby)
88%
Baby
88%
baby?
88%
it,
88%
it
88%
it),
88%
know
88%
let
88%
(Let
88%
can't
86%
help
86%
love
86%
To
86%
to
86%
yourself
86%
Yourself
86%
like
84%
(Like
84%
Like
84%
'round
84%
so
84%
So
84%
that
84%
around
82%
we
82%
boy
80%
Boy,
80%
It's
80%
way
80%
way)
80%
on
78%
when
78%
I'll
76%
make
76%
in
74%
oh
74%
Oh,
74%
oh,
74%
okay
74%
okay,
74%
you're
74%
cool
72%
Even
72%
(Even
72%
that's
72%
(That's
72%
I'm
70%
leave,
70%
no
70%
rough
70%
Say,
70%
say
70%
up,
70%
up
70%
wear
70%
cooler
68%
emotions
68%
had
68%
have
68%
of
68%
ooh
68%
Ooh,
68%
than
68%
think
68%
Who
68%
get
66%
things
66%
arsenal,
64%
arsenal
64%
both
64%
change
64%
family
64%
feelings
64%
growin'
64%
Just
64%
though
64%
kiss
62%
one
62%
our
62%
perfect,
62%
sleeves,
62%
weapon
62%
won't
62%
world
62%
don't
60%
face
60%
tell
60%
leaving
58%
more
58%
need
58%
secret
58%
stay
58%
want
58%
yeah,
58%
yoeah
58%
always
56%
hard
56%
little
56%
still
56%
too
56%
were
56%
after
54%
is
52%
said
52%
rest
50%
cryin',
48%
they're
48%
They're
48%
world's
48%
lane
46%
listen
46%
acceptance,
44%
Babe
44%
strange,
44%
Sugar,
40%
come
38%
over
36%
(Yes,
36%
Yes,
36%
lean
34%
well,
34%
we'll
34%
trippin',
30%
loves
12%
nodoby's
0%
No matching quizzes found
Score Distribution
Percent of People with Each Score
Percentile by Number Answered
Your Score History
You have not taken this quiz